• 首页
  • 本馆介绍
  • 公告通知
  • 最新文献
  • 馆藏检索
  • 电子资源
  • 读者导购
  • 参考咨询
  • 我的图书馆
  • 登录
  • 详细信息显示
  • 放入我的书架
  • 预约/预借图书
  • 作者相关作品
  • 分类相关作品
  • 丛书相关作品
  • 出版社相关作品

书目信息

  • 表格格式
  • 工作单格式
  • 卡片格式
题名:
全国科学大会文件
    
 
作者:
分册:  
出版信息: 北京   人民出版社  1978
页数: 79页
开本: 20cm
丛书名:
单 册:
中图分类: N012
科图分类:
主题词: 科学技术--代表会议--文件--中国
电子资源:
ISBN:
000 00532nam2 2200205 45
001 0178001219
005 20060909152604.68
010    @dCNY0.17
091    @a3001.1651
100    @a19950725d1978 em y0chiy0121 ea
101 0  @achi
102    @aCN@b110000
105    @ay z 100yy
200 10 @a全国科学大会文件@Aquan guo ke xue da hui wen jian
210    @a北京@c人民出版社@d1978
215    @a79页@d20cm
606    @a科学技术@x代表会议@x文件@y中国
690    @aN012@v3 
801  0 @aCN@bTSSF@c20060909
905    @a10447@dN012@e141
    
    全国科学大会文件.-北京:人民出版社,1978
    79页;20cm
    
    
    ISBN :CNY0.17
    
●
相关链接 在E读中查询图书 在五车中查询图书 在当当中查询图书 在豆瓣中查询图书


正题名:全国科学大会文件     索取号:N012/141         预约/预借

序号 登录号 条形码 馆藏地/架位号 状态 备注
1 0470485   204704855   密集书库/ [索取号:N012/141] 在馆    
唐山师范学院图书馆 欢迎您!
大连网信软件有限公司© 版权所有